| 000 | 00821nam a22002297a 4500 | ||
|---|---|---|---|
| 005 | 20160208120936.0 | ||
| 008 | 090109t xxu||||| |||| 00| 0urd d | ||
| 010 | _aUR-9298 | ||
| 020 |
_c100.00 _a9789350735107 |
||
| 035 | _aU-7853 | ||
| 037 | _bDBAD/PUB | ||
| 040 |
_aDPL _burdu |
||
| 082 | _a ک | ||
| 100 | _aمحمد ا بر ا ر ا لحسن | ||
| 245 |
_aہر بو ند سمند ر _cمحمد ا بر ا ر ا لحسن |
||
| 246 |
_aHar Boond Samander _b By Mohd. Abrar Ul Hassan |
||
| 260 |
_aد ھلی _bا يجو کيشنل پبليشنگ ہا ؤ س _c2015 ء |
||
| 270 |
_a3191،Street Vakil Kucha Pandit Lal Kuan, _bDelhi _e110006 _k23216162 |
||
| 300 |
_a80ص _c22 cm(hb) |
||
| 700 |
_954088 _aتر تیب و تہز یب : محمد فہیم ا ختر ند و ی |
||
| 942 |
_2ddc _cUR _h ک _mم ح م |
||
| 999 |
_c98837 _d98837 |
||